Prefeito municipal : (Record no. 1080)

MARC details
000 -LÍDER
Campo Fixo de Controle 00747nam a2200229 a 4500
001 - NÚMERO DE CONTROLE
Campo de Controle 1080
003 - IDENTIFICAÇÃO DO NÚMERO DE CONTROLE
Campo de Controle BR-CuiBMT
005 - DATA E HORA DA ÚLTIMA ATUALIZAÇÃO
Campo de Controle 20231128162621.0
008 - DADOS FIXOS
Dados Fixos 231128s1998 spb 001 0 por d
040 ## - AGÊNCIA CATALOGADORA
Código da Agência Catalogadora BR-CuiBMT
Agência que transcreveu o registro BR-CuiBMT
080 ## - Nº DA CLASSIFICAÇÃO DECIMAL UNIVERSAL
Nº edição CDU 2007
Nº Class. CDU 352.075.2
Subd. Auxiliar Comum (81)
090 ## - NÚMERO DE CHAMADA
Nº classificação 352.075.2(81)
Cutter S237p
100 1# - ENTRADA PRINCIPAL -- AUTOR PESSOAL
Nome pessoal Santos, Ozéias J.
245 10 - TÍTULO PRINCIPAL
Título principal Prefeito municipal :
Subtítulo doutrina, jurisprudência e legislação /
Indicação de responsabilidade Ozéias J. Santos.
260 ## - PUBLICAÇÃO, DISTRIBUIÇÃO, ETC.
Local de publicação Campinas :
Editora Agá Juris,
Data 1998.
300 ## - DESCRIÇÃO FÍSICA
N. páginas ou volumes 497 p. ;
Dimensões 21 cm
504 ## - NOTA DE BIBLIOGRAFIA, ETC.
Nota de bibliografia Inclui bibliografia e índice.
650 ## - ASSUNTO TÓPICO
Cabeçalho tópico ou nome geográfico Administração municipal
Subdivisão geográfica Brasil
650 ## - ASSUNTO TÓPICO
Cabeçalho tópico ou nome geográfico Prefeito
Subdivisão geral Poderes e atribuições
Subdivisão geográfica Brasil
650 ## - ASSUNTO TÓPICO
Cabeçalho tópico ou nome geográfico Município
Subdivisão geral Aspectos constitucionais
Subdivisão geográfica Brasil
942 ## - ELEMENTOS DE ENTRADA ADICIONAIS (KOHA)
Fonte de classificação ou esquema de arquivamento Classificação Decimal Universal
Tipo de item do Koha Livros
Holdings
Estado: removido Estado: perdido Fonte de classificação ou esquema de arquivamento Estado: danificado Indisponível para empréstimo Localização permanente Localização atual Data de aquisição Total Checkouts Número de Chamada completo Código de barras Date last seen Número do exemplar Preço efetivo a partir de Tipo de item (Koha)
    Classificação Decimal Universal     Biblioteca da Escola Superior de Contas do TCE/MT Biblioteca da Escola Superior de Contas do TCE/MT 28/11/2023   352.075.2(81) S237p BIBTCEMT23111229 28/11/2023 Ex. 1 28/11/2023 Livros

Powered by Koha